Normal view
MARC view
- Abdul Aziz Abdul talib
Entry Personal Name
001 - CONTROL NUMBER
- control field: 5655
003 - CONTROL NUMBER IDENTIFIER
- control field: OSt
005 - DATE AND TIME OF LATEST TRANSACTION
- control field: 20170517152221.0
008 - FIXED-LENGTH DATA ELEMENTS
- fixed length control field: 170517|| aca||aabn | a|a d
040 ## - CATALOGING SOURCE
- Original cataloging agency: OSt
- Transcribing agency: OSt
100 ## - HEADING--PERSONAL NAME
- Personal name: Abdul Aziz Abdul talib
670 ## - SOURCE DATA FOUND
- Source citation: Work cat.: (OSt): Abdul Aziz Abdul talib, Menguji Kemahiran Bahasa :, 1993

PORTAL AKMAL
E-MEL JKDM
AKMAL2U
G-BAM
u-PUSTAKA